CAE listening and speaking skills

Kaydedildi:
Detaylı Bibliyografya
Yazar: Diana Pye
Materyal Türü: Kitap
Dil:Undetermined
Baskı/Yayın Bilgisi: Cambridge, UK Cambridge University Press 1996
Konular:
Etiketler: Etiketle
Etiket eklenmemiş, İlk siz ekleyin!
Thư viện lưu trữ: Trung tâm Học liệu Trường Đại học Cần Thơ
LEADER 00605nam a2200193Ia 4500
001 CTU_52135
008 210402s9999 xx 000 0 und d
020 |b 170000 
082 |a 428.24 
082 |b P995 
100 |a Diana Pye 
245 0 |a CAE listening and speaking skills 
245 0 |c Diana Pye and Simon Greenall 
260 |a Cambridge, UK 
260 |b Cambridge University Press 
260 |c 1996 
650 |a english language,english language,english language 
650 |x textbooks for foreign speakers,listening,spoken english 
980 |a Trung tâm Học liệu Trường Đại học Cần Thơ